Suye Mura : A Japanese village
Guardat en:
| Autor principal: | |
|---|---|
| Format: | Llibre |
| Idioma: | Undetermined |
| Publicat: |
Chicago
University of Chicago Press
1939
|
| Matèries: | |
| Etiquetes: |
Afegir etiqueta
Sense etiquetes, Sigues el primer a etiquetar aquest registre!
|
| Thư viện lưu trữ: | Trung tâm Học liệu Trường Đại học Cần Thơ |
|---|
| LEADER | 00632nam a2200229Ia 4500 | ||
|---|---|---|---|
| 001 | CTU_115249 | ||
| 008 | 210402s9999 xx 000 0 und d | ||
| 082 | |a 915.2 | ||
| 082 | |b E53 | ||
| 100 | |a Embree, John F. | ||
| 245 | 0 | |a Suye Mura : | |
| 245 | 2 | |b A Japanese village | |
| 245 | 0 | |c John F. Embree | |
| 260 | |a Chicago | ||
| 260 | |b University of Chicago Press | ||
| 260 | |c 1939 | ||
| 650 | |a Ethnology,Sue-mura (kumamoto-ken japan) | ||
| 650 | |x Sue-mura (kumamoto-ken),Social life and customs | ||
| 650 | |y 1912-1945 | ||
| 650 | |z Japan | ||
| 904 | |i Giang | ||
| 980 | |a Trung tâm Học liệu Trường Đại học Cần Thơ | ||